| 000 | 00447nam a2200157 i 4500 | ||
|---|---|---|---|
| 001 | 52041 | ||
| 003 | ES-MaACL | ||
| 005 | 20230906162509.0 | ||
| 007 | t| | ||
| 008 | 030825s1971 sp ||||1| spa d | ||
| 100 | 1 |
_aChiverto, José Luis. _938570 |
|
| 245 | 1 | 0 |
_aHombres, hechos, ideas / _cJosé Luis Chiverto. |
| 260 |
_aLlanes : _bEl Oriente de Asturias, _c1971. |
||
| 300 |
_a137 p., 21 lám. ; _c21 cm. |
||
| 852 |
_aES-MaACL _jC-45646 _bR.80139 |
||
| 999 |
_c52041 _d52041 |
||